Nota sobre las tendencias del empleo y los salarios
Salvato in:
| Autore principale: | |
|---|---|
| Natura: | testo |
| Pubblicazione: |
s.l.:
s.e.
|
| Tags: |
Aggiungi Tag
Nessun Tag, puoi essere il primo ad aggiungerne!!
|
MARC
| LEADER | 00000 a a2200000 04500 | ||
|---|---|---|---|
| 001 | 25207 | ||
| 003 | |||
| 040 | |||
| 090 | |a 180200 | ||
| 100 | |a Román, Ignacio | ||
| 245 | |a Nota sobre las tendencias del empleo y los salarios | ||
| 260 | |a s.l.: |b s.e. | ||
| 300 | |a 36 p. |b **no definido** | ||
| 999 | |c 15416 |d 15416 | ||
